Geography Quiz

Random Geography or State Quiz

Minnesota Cities Quiz Stats

 Plays Quiz Updated Jun 14, 2019

Score 0/20 Timer 06:00
1 Play Today
Rank City % Correct
1Minneapolis
98.9%
2St. Paul
98.3%
4Duluth
86.2%
3Rochester
77.7%
5Bloomington
65.7%
10St. Cloud
62.5%
19Edina
55%
18Minnetonka
49.9%
14Eden Prairie
48.4%
11Eagan
43%
Rank City % Correct
6Brooklyn Park
39.2%
16Burnsville
38.6%
7Plymouth
37.9%
8Maple Grove
37.4%
9Woodbury
36.3%
17Apple Valley
35.5%
20St. Louis Park
33.5%
12Lakeville
31.9%
15Coon Rapids
30.6%
13Blaine
29.9%

You're not logged in!

Compare scores with friends on all Sporcle quizzes.
OR
Log In

Sporcle TV

Today on Sporcle TV


Watch our educational content, quiz creation guides, and fun videos on Sporcle TV.

Show Comments

Extras

Top Quizzes Today


Score Distribution

Your Account Isn't Verified!

In order to create a playlist on Sporcle, you need to verify the email address you used during registration. Go to your Sporcle Settings to finish the process.

Report this User

Report this user for behavior that violates our Community Guidelines.

Details: